000 01044nam a2200277 i 4500
003 EG-GICUC
005 20260418115128.0
008 260418s1965 fr ||fr|||| 000 0 fre d
040 _aEG-GiCUC
_bfre
_cEG-GiCUC
_dEG-GiCUC
_eRda
041 0 _afre
082 0 4 _221
_a341.1
_bDE . C
092 0 4 _221
099 _aLaw1 12 341.1 DE . C 1965
100 1 _aDeprez, M. Jean
_eAuteur
245 1 4 _aCours De Droit International Public :
_bLes Tendances Contemporaines En Matière D'ordre Public International, Vers L'élaboration Dün Ordre Public Véritablement International /
_cProfesseur Par M. Jean Deprez.
264 1 _aCaire :
_b{ La Faculté De Droit De L'univer-sité De Guizeh}
_c{1965}
300 _a65 page,
_c30 cm.
336 _2rda contenu
_a texte
337 _2rda medias
_aOrdinateur
338 _2 transporteur rda
_a Ressource en ligne
546 _aTexte en français
650 1 4 _2Droit international privé
856 4 0 _uhttps://fll.law.cu.edu.eg/fulltext/bks/B12-01837.pdf
905 _a48
942 _2ddc
_cBK
_e21
_n0
999 _c71631
_d71631